| 000 | 00497nam a2200193Ia 4500 | ||
|---|---|---|---|
| 005 | 20240913130145.0 | ||
| 008 | 240913s9999||||xx |||||||||||||| ||und|| | ||
| 041 | _aENGLISH | ||
| 082 | _A003.56 M7 | ||
| 100 | _aHolsapple,Clyde W | ||
| 245 | 0 | _aDecision Support Systems: Theory and Application | |
| 250 | _a1st | ||
| 260 |
_c1987 _bSpringer-Verlag,Newyork |
||
| 500 | _aREFERENCE | ||
| 650 |
_aSystems _bComputer Science |
||
| 700 | _a Whinston,Andrew B | ||
| 942 | _cREF | ||
| 999 |
_c247093 _d247093 |
||